00558 2200181 4500001002100000005001500021035002000036245007900056100001800135250002000153300005500173700003300228260004600261082001200307084001900319020002200338600001600360INLIS00000000114809020260330010429 a0010-03260006011 aSerial Cinta Al-Quran Tahsin :bPokok-Pokok Ilmu Tajwid /cDr.Edi Purwanto0 a.Edi Purwanto acetakan pertama axvi,138 halaman :bilustrasi ;c14 x 20 cmekertas0 aDesain Cover;Ali hasan Zein, aYogyakarta :bDeepublish publisher,c2023 a297.122 a297.122 .EDI s a978-623-02-6539-6 4aIlmu Tajwid